01352nac a22003371i 4500003000900000005001700009008004100026020001500067020001800082040004300100082002000143100006800163245010900231246004600340250002000386264006100406264001000467300005300477336002600530337002800556338002700584500006700611504005100678650003500729650002900764655001700793700003100810942001200841999001500853952014600868EG-ScBUE20241013100355.0241013t2005 njua f b 001 0 eng d a0131481460 a9780131481466 aEG-ScBUEbengerdacEG-ScBUEdEG-ScBUE04a515.35bEDW2221 aEdwards, C. H. q(Charles Henry),d1937-eauthor.10aDifferential equations & linear algebra /cC. Henry Edwards, David E. Penney, The University of Georgia.3 aDifferential equations and linear algebra aSecond edition. 1aUpper Saddle River, NJ :bPearson Prentice Hall,c[2005] 4cc2005 axv, 751, 8 pages :bcolor illustrations ;c27 cm 2rdacontentatextbtxt aunmediated2rdamediabn avolumebnc2rdacarrier aRev. ed. of: Differential equations and linear algebra. c2001. aIncludes bibliographical references and index. 7aDifferential equations.2BUEsh 7aAlgebras, Linear.2BUEsh vReading book1 aPenney, David E.,eauthor. cBB2ddc c1330d1330 00102ddc40708BaccahaMAINbMAINc1STd2006-09-03ePurchaseg353.00l0o515.35 EDWp000003135r2025-07-15 00:00:00v441.25w2006-09-03yBB